[Event "Faxe Dags EMT 2015"]
[Site "Faxe"]
[Date "2015.04.08"]
[Round "1"]
[White "Pedersen, Hans Dahl"]
[Black "Alic, Ohran"]
[Result "1-0"]
[WhiteElo "2117"]
[BlackElo "1582"]
[PlyCount "77"]
[EventDate "2015.??.??"]

1. c4 Nf6 2. g3 d5 3. Bg2 c6 4. Nf3 g6 5. b3 Bg7 6. Bb2 dxc4 7. bxc4 O-O 8. O-O
Re8 9. d3 Nbd7 10. Nbd2 e5 11. Qc2 Nc5 12. Nxe5 Qc7 13. d4 Ncd7 14. Nxd7 Bxd7
15. e3 Rac8 16. Qb3 Qb6 17. Qa3 c5 18. d5 a5 19. Bc3 a4 20. Rab1 Qa6 21. Rfe1
b5 22. cxb5 Bxb5 23. e4 Bd3 24. Rbc1 c4 25. Bd4 Bf8 26. Qc3 Bg7 27. e5 Nd7 28.
Bh3 Rcd8 29. e6 Bxd4 30. Qxd4 Bf5 31. Bxf5 gxf5 32. exd7 Rf8 33. Qxc4 Qxc4 34.
Rxc4 Rxd7 35. Re5 Rfd8 36. Rxf5 Rxd5 37. Rxd5 Rxd5 38. Ne4 a3 39. Nf6+ 1-0

[Event "Faxe Dags EMT 2015"]
[Site "Faxe"]
[Date "2015.04.08"]
[Round "1"]
[White "Eckert, Svend"]
[Black "Nielsen, Jan Mose"]
[Result "0-1"]
[WhiteElo "1506"]
[BlackElo "2065"]
[PlyCount "110"]
[EventDate "2015.??.??"]

1. c4 c6 2. d4 d5 3. e3 Nf6 4. Nc3 a6 5. Nf3 b5 6. cxd5 cxd5 7. a3 Bg4 8. Be2
Nbd7 9. O-O e6 10. Bd2 Bd6 11. Rc1 h5 12. h3 Ne4 13. Ne1 Bf5 14. Nxe4 Bxe4 15.
f3 Bf5 16. f4 Nf6 17. Nd3 Ne4 18. Be1 Rc8 19. Rxc8 Qxc8 20. Ne5 Nf6 21. Bh4 Ne4
22. Qc1 Qa8 23. Qc6+ Qxc6 24. Nxc6 Kd7 25. Rc1 Rc8 26. Ne5+ Bxe5 27. Rxc8 Kxc8
28. fxe5 g5 29. Be1 g4 30. hxg4 Bxg4 31. Bxg4 hxg4 32. Kh2 Kc7 33. b4 Kd7 34.
Kg1 Ke7 35. Kf1 Kf8 36. Ke2 Kg7 37. g3 Kg6 38. Kd3 Kg5 39. Kc2 Kf5 40. Kd3 Ng5
41. Bf2 Nf3 42. e4+ dxe4+ 43. Ke3 Ng5 44. Be1 Nh7 45. Bf2 Nf8 46. Kd2 Nd7 47.
Be3 Nb6 48. Kc3 Nc4 49. Bc1 e3 50. Kd3 e2 51. Kxe2 Ke4 52. Kd1 Kxd4 53. Kc2
Nxe5 54. Bb2+ Ke4 55. Bxe5 Kxe5 0-1

[Event "Faxe Dags EMT 2015"]
[Site "Faxe"]
[Date "2015.04.08"]
[Round "1"]
[White "Arnkilde, Anders"]
[Black "Andersen, Hans E"]
[Result "1-0"]
[WhiteElo "1996"]
[BlackElo "1500"]
[PlyCount "93"]
[EventDate "2015.??.??"]

1. e4 e5 2. Nf3 Nc6 3. Bb5 d6 4. d4 a6 5. Bxc6+ bxc6 6. dxe5 Qe7 7. Bg5 Qe6 8.
O-O Bb7 9. exd6 cxd6 10. Nc3 Be7 11. Bf4 Rd8 12. Nd4 Qg6 13. Nf5 Bc8 14. Qd3 d5
15. Nxe7 Nxe7 16. Rad1 O-O 17. Rfe1 h6 18. exd5 Qxd3 19. Rxd3 Nxd5 20. Nxd5
cxd5 21. Red1 Be6 22. c4 Rd7 23. c5 Rb7 24. R1d2 Rc8 25. Bd6 Rb4 26. f3 f6 27.
Rd4 Rb7 28. Ra4 Ra8 29. a3 Bd7 30. Rad4 Bc6 31. b4 Re8 32. Kf2 Kf7 33. Ra2 Re6
34. Rad2 Rd7 35. Rb2 Rb7 36. Rd3 Ke8 37. Re3 Kf7 38. Rbe2 Rxe3 39. Kxe3 Ra7 40.
Rb2 Rb7 41. Kd4 g6 42. f4 h5 43. Rf2 Rd7 44. f5 g5 45. Re2 Rb7 46. Re6 Ra7 47.
Bb8 1-0

[Event "Faxe Dags EMT 2015"]
[Site "Faxe"]
[Date "2015.04.08"]
[Round "1"]
[White "Adrian, Michael"]
[Black "Andersen, Bjarne Hjorth"]
[Result "0-1"]
[WhiteElo "1458"]
[BlackElo "1971"]
[PlyCount "60"]
[EventDate "2015.??.??"]

1. d4 Nf6 2. e3 d5 3. Bd3 Nbd7 4. f4 c5 5. c3 cxd4 6. cxd4 e6 7. Nf3 Be7 8. O-O
O-O 9. Nc3 a6 10. Ne5 Qc7 11. g4 Nxe5 12. dxe5 Ne8 13. g5 g6 14. h4 Ng7 15. Be2
Nf5 16. h5 Bc5 17. Rf3 gxh5 18. Kh2 b5 19. e4 Ne7 20. exd5 exd5 21. Nxd5 Nxd5
22. Qxd5 Bb7 23. Qb3 Bxf3 24. Bxf3 Rad8 25. Bxh5 Qd7 26. Bxf7+ Qxf7 27. e6 Qh5+
28. Kg3 Be7 29. Be3 Qe2 30. Rc1 Rd3 0-1

[Event "Faxe Dags EMT 2015"]
[Site "Faxe"]
[Date "2015.04.08"]
[Round "1"]
[White "Zachariassen, John"]
[Black "Hansen, Borge"]
[Result "1/2-1/2"]
[WhiteElo "1954"]
[BlackElo "1430"]
[PlyCount "277"]
[EventDate "2015.??.??"]

1. d4 d5 2. Bf4 Bf5 3. c3 c6 4. Nf3 h6 5. Nbd2 Nf6 6. Ne5 Nbd7 7. Ndf3 Ne4 8.
h3 Ndf6 9. Qb3 Qb6 10. g4 Qxb3 11. axb3 Bh7 12. h4 Nd7 13. Nxd7 Kxd7 14. Rg1 e6
15. g5 hxg5 16. hxg5 Bf5 17. Ne5+ Ke8 18. f3 Nd6 19. e3 a6 20. Nd3 Bxd3 21.
Bxd3 g6 22. O-O-O Kd7 23. Be5 Rh5 24. f4 Be7 25. Rh1 Rxh1 26. Rxh1 Rg8 27. Rh7
Ke8 28. Kd1 Nf5 29. Bxf5 exf5 30. b4 b5 31. Ke2 Bf8 32. Kf3 Be7 33. Rh1 Kd7 34.
Rh7 Ke8 35. Ke2 Rf8 36. Kd3 Rg8 37. b3 Bd8 38. Rh1 a5 39. bxa5 Bxa5 40. Ra1 Bd8
41. Ra8 Kd7 42. Bf6 Re8 43. Be5 Re6 44. Ra7+ Ke8 45. Rb7 f6 46. gxf6 Bxf6 47.
c4 dxc4+ 48. bxc4 bxc4+ 49. Kxc4 Be7 50. Rc7 Kd8 51. Ra7 Ke8 52. Kd3 Kd8 53. e4
fxe4+ 54. Kxe4 Ke8 55. Ra8+ Kf7 56. Ra7 Ke8 57. Kd3 Kf7 58. Kc4 Ke8 59. Ra8+
Kd7 60. Rg8 Ba3 61. Kd3 Be7 62. Ke4 Bb4 63. Rb8 Be7 64. Rb6 Ke8 65. Kf3 Kf7 66.
Ke4 Bd8 67. Ra6 Be7 68. Ra7 Ke8 69. Ra2 Kf7 70. Rf2 Ke8 71. Rh2 Kd7 72. f5
gxf5+ 73. Kxf5 c5 74. d5 Ra6 75. Rd2 Rh6 76. Re2 Bd6 77. Bg7 Rh5+ 78. Ke4 Rh4+
79. Kd3 Rh5 80. Kc4 Rh4+ 81. Kb5 Rb4+ 82. Ka6 Bc7 83. Ka7 Ra4+ 84. Kb7 Rb4+ 85.
Ka6 Rb6+ 86. Ka7 Rb3 87. Bb2 Rd3 88. Ka6 Rxd5 89. Kb5 Rf5 90. Rc2 Bd6 91. Bc3
Rd5 92. Rg2 Be5 93. Kc4 Rd4+ 94. Bxd4 Bxd4 95. Kd5 Kc7 96. Rg6 Kd7 97. Rh6 Ke7
98. Ra6 Kf7 99. Rd6 Kg7 100. Ke4 Kf7 101. Kf5 Bb2 102. Rc6 Bd4 103. Rc7+ Ke8
104. Ke6 Kf8 105. Rd7 Kg8 106. Rf7 Be3 107. Rf3 Bd4 108. Ke7 Kh7 109. Rg3 Bf2
110. Rg2 Bd4 111. Ke6 Bc3 112. Kf7 Kh6 113. Ke6 Bd4 114. Kf5 Kh7 115. Rg6 Kh8
116. Rd6 Kg7 117. Re6 Kf7 118. Rg6 Bc3 119. Rc6 Bd4 120. Rc7+ Kf8 121. Kg6 Ke8
122. Rb7 Kf8 123. Rc7 Ke8 124. Rf7 Bc3 125. Rb7 Bd4 126. Kf5 Kd8 127. Ke6 Kc8
128. Re7 Kb8 129. Re8+ Kb7 130. Kd5 Kc7 131. Ke6 Kc6 132. Rc8+ Kb5 133. Kd5 Kb4
134. Rg8 Kc3 135. Rg2 Kb4 136. Rg3 Bh8 137. Rd3 Bd4 138. Rxd4+ cxd4 139. Kxd4
1/2-1/2

[Event "Faxe Dags EMT 2015"]
[Site "Faxe"]
[Date "2015.04.08"]
[Round "1"]
[White "Nielsen, Ib"]
[Black "Stuhr, Peter Sebastian"]
[Result "0-1"]
[WhiteElo "1395"]
[BlackElo "1884"]
[PlyCount "62"]
[EventDate "2015.??.??"]

1. e4 d6 2. g3 Nf6 3. d3 e5 4. Nc3 c6 5. Be2 Nbd7 6. Be3 Be7 7. Nf3 d5 8. exd5
cxd5 9. d4 e4 10. Ne5 O-O 11. a3 Qc7 12. Bf4 Qb6 13. b4 a5 14. Na4 Qa7 15. b5
Nb6 16. Nxb6 Qxb6 17. O-O a4 18. c4 dxc4 19. Bxc4 Be6 20. d5 Nxd5 21. Bxd5 Rfd8
22. Be3 Qxb5 23. Bxe6 Rxd1 24. Nxf7 Rxf1+ 25. Rxf1 Kf8 26. f3 Bc5 27. Bxc5+
Qxc5+ 28. Kg2 e3 29. f4 Qc6+ 30. Rf3 e2 31. Kf2 Qxf3+ 0-1

[Event "Faxe Dags EMT 2015"]
[Site "Faxe"]
[Date "2015.04.08"]
[Round "1"]
[White "Lindskov, Villy"]
[Black "Jakobsen, Henning"]
[Result "1-0"]
[WhiteElo "1839"]
[BlackElo "1393"]
[PlyCount "51"]
[EventDate "2015.??.??"]

1. e4 d6 2. d4 Nf6 3. Nc3 g6 4. f3 Bg7 5. Be3 Nc6 6. Qd2 O-O 7. O-O-O b6 8. g4
Nd7 9. Bb5 Bb7 10. h4 e5 11. Bxc6 Bxc6 12. d5 Bb7 13. Bh6 Nc5 14. Nh3 a5 15.
Bxg7 Kxg7 16. h5 Qd7 17. hxg6 fxg6 18. Ng5 Rh8 19. Rh6 Raf8 20. Rdh1 Kg8 21.
Rxh7 Rxh7 22. Rxh7 Qd8 23. Rh3 Rf4 24. Qh2 Qxg5 25. Rh8+ Kg7 26. Qh7+ 1-0

[Event "Faxe Dags EMT 2015"]
[Site "Faxe"]
[Date "2015.04.16"]
[Round "1"]
[White "Wehlast, Svend Erik"]
[Black "Krogh, Peter Ove"]
[Result "0-1"]
[WhiteElo "1388"]
[BlackElo "1802"]
[PlyCount "96"]
[EventDate "2015.??.??"]

1. d4 Nf6 2. Nf3 b6 3. e3 e6 4. Bd3 Bb7 5. O-O d5 6. Nbd2 c5 7. c4 cxd4 8. exd4
Nbd7 9. cxd5 Nxd5 10. Bb5 N5f6 11. Ne5 a6 12. Bxd7+ Nxd7 13. Nxd7 Qxd7 14. Nb3
Qd5 15. f3 Bd6 16. Qd2 h6 17. Qf2 O-O 18. Be3 a5 19. Nd2 Qh5 20. f4 Rac8 21.
Nf3 Qf5 22. Rac1 Bxf4 23. Nh4 Bxe3 24. Nxf5 Bxf2+ 25. Kxf2 exf5 26. Rc3 Rfd8
27. Rd1 Kf8 28. g3 f6 29. Rd2 Kf7 30. Ke3 Rxc3+ 31. bxc3 Bd5 32. Rb2 Rd6 33.
Rc2 Bc4 34. a3 a4 35. Rd2 g5 36. Rb2 b5 37. Rf2 Kg6 38. Rg2 g4 39. Kd2 Kg5 40.
Rg1 Re6 41. Rg2 h5 42. Kd1 f4 43. gxf4+ Kxf4 44. Kd2 h4 45. Rf2+ Kg5 46. Rg2 f5
47. h3 g3 48. d5 Bxd5 0-1

[Event "Faxe Dags EMT 2015"]
[Site "Faxe"]
[Date "2015.04.08"]
[Round "1"]
[White "Petersen, Bent"]
[Black "Christoffersen, Ib"]
[Result "1-0"]
[WhiteElo "1784"]
[BlackElo "1363"]
[PlyCount "69"]
[EventDate "2015.??.??"]

1. d4 d5 2. Nf3 Nc6 3. c4 e6 4. Nc3 Nge7 5. e3 h6 6. Bd2 Ng6 7. Bd3 Qf6 8. cxd5
exd5 9. Nxd5 Qd6 10. Nc3 a6 11. a3 Be7 12. Qc2 Bg4 13. Ne4 Qd7 14. Nc5 Bxc5 15.
Qxc5 Bxf3 16. gxf3 Nge7 17. O-O-O g6 18. Kb1 b6 19. Qc2 b5 20. Be4 Rc8 21. Bc3
O-O 22. h4 h5 23. Rdg1 Kh7 24. Rg5 f5 25. Bd3 Nd5 26. Bd2 Nce7 27. Rhg1 Qd6 28.
e4 Nf4 29. exf5 Rg8 30. fxg6+ Kg7 31. Bxf4 Qxf4 32. Rxh5 Qh2 33. Rh7+ Kf6 34.
Rf7+ Ke6 35. Re1+ 1-0

[Event "Faxe Dags EMT 2015"]
[Site "Faxe"]
[Date "2015.04.08"]
[Round "1"]
[White "Mathiasen, Gunnar"]
[Black "Stuhr, Finn"]
[Result "1-0"]
[WhiteElo "1340"]
[BlackElo "1765"]
[PlyCount "83"]
[EventDate "2015.??.??"]

1. d4 Nf6 2. c4 b6 3. Nc3 Bb7 4. e3 e6 5. Nf3 d6 6. Be2 Nbd7 7. O-O Be7 8. d5
O-O 9. e4 exd5 10. exd5 Re8 11. b3 Ne5 12. Bb2 a6 13. a4 Nfd7 14. Qc2 Bf6 15.
Nd2 Bc8 16. Nde4 Be7 17. Rae1 Nc5 18. Nxc5 bxc5 19. Ne4 Bf5 20. Bxe5 dxe5 21.
Bd3 Bg6 22. Ng3 Bd6 23. Bxg6 hxg6 24. Ne4 Bf8 25. Re3 f5 26. Nd2 Qd6 27. Rfe1
Rad8 28. Nf3 e4 29. Ng5 Be7 30. Ne6 Rd7 31. f3 exf3 32. Rxf3 Bf6 33. Re2 Rde7
34. Rff2 c6 35. Rd2 cxd5 36. cxd5 Qb6 37. Qc4 Rxe6 38. dxe6 Bd4 39. e7+ Kh8 40.
Qf7 Qb8 41. Rxd4 cxd4 42. Rf3 1-0

[Event "Faxe Dags EMT 2015"]
[Site "Faxe"]
[Date "2015.04.08"]
[Round "1"]
[White "Refsgaard, Kaj"]
[Black "Andersen, Hans Poul"]
[Result "1-0"]
[WhiteElo "1754"]
[BlackElo "1330"]
[PlyCount "61"]
[EventDate "2015.??.??"]

1. d4 d5 2. Bf4 e6 3. Nf3 h6 4. e3 a6 5. Bd3 Be7 6. O-O Nc6 7. Nbd2 Nf6 8. Rc1
O-O 9. c4 Bd7 10. Bb1 dxc4 11. Nxc4 Nd5 12. Bg3 b5 13. Nce5 Nxe5 14. Nxe5 Bd6
15. Qc2 f5 16. a3 Qe8 17. e4 Nf6 18. Nxd7 Nxd7 19. Bxd6 cxd6 20. exf5 exf5 21.
Qc6 Rf6 22. Rfe1 Qd8 23. Qd5+ Kh8 24. Bxf5 Nb6 25. Qe4 d5 26. Qc2 Qf8 27. Bh3
Nc4 28. Re6 Rf4 29. Rce1 Rxd4 30. Qc3 Rd2 31. Rxh6+ 1-0

[Event "Faxe Dags EMT 2015"]
[Site "Faxe"]
[Date "2015.04.08"]
[Round "1"]
[White "Larsen, Poul Erik"]
[Black "Hansen, Aage"]
[Result "0-1"]
[WhiteElo "1251"]
[BlackElo "1686"]
[PlyCount "72"]
[EventDate "2015.??.??"]

1. Nf3 d5 2. e3 Bf5 3. d4 Nf6 4. Bd3 Bg6 5. Nc3 e6 6. Ne5 Nbd7 7. Nxg6 hxg6 8.
Bd2 c5 9. Ne2 c4 10. Bxg6 fxg6 11. Nf4 Kf7 12. b3 Bd6 13. Qf3 Qc7 14. b4 Rae8
15. g3 g5 16. Ne2 Rh7 17. a3 Reh8 18. Qg2 Ne4 19. Nc3 Nxd2 20. Kxd2 a6 21. Raf1
Nf6 22. f3 e5 23. f4 gxf4 24. Nxd5 Nxd5 25. Qxd5+ Ke7 26. exf4 c3+ 27. Kd3 exf4
28. Re1+ Kd7 29. Re4 Rh5 30. Qf7+ Kc6 31. Qc4+ Kb6 32. Qe6 fxg3 33. Re2 Rxh2
34. Rexh2 Rxh2 35. Rg1 Rd2+ 36. Ke4 Re2+ 0-1

[Event "Faxe Dags EMT 2015"]
[Site "Faxe"]
[Date "2015.04.08"]
[Round "1"]
[White "Nielsen, Flemming"]
[Black "Eriksen, Knud Ejler"]
[Result "1-0"]
[WhiteElo "1650"]
[BlackElo "1184"]
[PlyCount "65"]
[EventDate "2015.??.??"]

1. e4 e5 2. Nf3 Nc6 3. Bc4 Bc5 4. a3 a6 5. Ba2 Ba7 6. d3 h6 7. c3 Nf6 8. O-O d6
9. Nbd2 O-O 10. Nc4 Be6 11. Ne3 Bxa2 12. Rxa2 Ne7 13. Nf5 Kh8 14. Ng3 Qd7 15.
d4 exd4 16. cxd4 c6 17. b3 d5 18. e5 Nfg8 19. Nh5 Qe6 20. Nh4 Nf5 21. Qg4 g6
22. Nxf5 Qxf5 23. Qxf5 gxf5 24. Be3 Kh7 25. Kh1 Kg6 26. Nf4+ Kg7 27. Rg1 Rfe8
28. g4 fxg4 29. Rxg4+ Kf8 30. f3 f6 31. e6 Ke7 32. Rg7+ Kd6 33. Rd7# 1-0

[Event "Faxe Dags EMT 2015"]
[Site "Faxe"]
[Date "2015.04.07"]
[Round "1"]
[White "Nielsen, Henning Sogaard"]
[Black "Sorensen, Lindved"]
[Result "0-1"]
[WhiteElo "1172"]
[BlackElo "1623"]
[PlyCount "64"]
[EventDate "2015.??.??"]

1. d4 Nf6 2. c4 c5 3. e3 e6 4. Nf3 d5 5. a3 Nc6 6. Be2 Be7 7. O-O O-O 8. Nc3 a6
9. Qc2 dxc4 10. Bxc4 cxd4 11. Qd3 b5 12. Bxe6 Bxe6 13. exd4 Bc4 14. Qd1 Bxf1
15. Qxf1 Nxd4 16. Nxd4 Qxd4 17. Be3 Qh4 18. g3 Qh5 19. Qg2 Rad8 20. Re1 Rd3 21.
h4 Bxa3 22. Bg5 Bxb2 23. Ne2 Be5 24. Bf4 Bc3 25. Bg5 Qf3 26. Nf4 Bxe1 27. Nxd3
Qxd3 28. Be3 Ne4 29. Kh2 Qc2 30. Qg1 Bxf2 31. Bxf2 Qxf2+ 32. Qxf2 Nxf2 0-1

[Event "Faxe Dags EMT 2015"]
[Site "Faxe"]
[Date "2015.04.08"]
[Round "1"]
[White "Nielsen, Kurt Sogaard"]
[Black "Larsen, Paul M"]
[Result "0-1"]
[WhiteElo "1619"]
[BlackElo "1165"]
[PlyCount "66"]
[EventDate "2015.??.??"]

1. d4 g6 2. c4 Bg7 3. Nf3 Nf6 4. Nc3 d6 5. e4 O-O 6. Be2 e5 7. d5 a5 8. O-O Ne8
9. Bg5 f6 10. Be3 f5 11. exf5 gxf5 12. Bg5 Nf6 13. Qd2 f4 14. Ne4 Nxe4 15. Bxd8
Nxd2 16. Nxd2 Rxd8 17. Ne4 h6 18. Rac1 Bf5 19. f3 Nd7 20. b3 Nf6 21. Nc3 c6 22.
dxc6 bxc6 23. Rcd1 d5 24. cxd5 cxd5 25. Nb5 Bf8 26. g4 fxg3 27. hxg3 Nh5 28.
Kg2 e4 29. Nd4 exf3+ 30. Bxf3 Ng7 31. Nxf5 Nxf5 32. Bxd5+ Rxd5 33. Rxd5 Ne3+
0-1

[Event "Faxe Dags EMT 2015"]
[Site "Faxe"]
[Date "2015.04.08"]
[Round "1"]
[White "Meldal, Peter"]
[Black "Christoffersen, Per"]
[Result "0-1"]
[WhiteElo "1078"]
[BlackElo "1609"]
[PlyCount "128"]
[EventDate "2015.??.??"]

1. f4 d5 2. Nf3 e6 3. e3 c5 4. Bb5+ Bd7 5. Bxd7+ Qxd7 6. O-O Nc6 7. Nc3 O-O-O
8. b3 d4 9. exd4 Nxd4 10. Ne5 Qc7 11. d3 f6 12. Nc4 Ne7 13. Ne2 Qd7 14. Be3
Nec6 15. a3 Be7 16. Rb1 Rhf8 17. b4 Nxe2+ 18. Qxe2 Nd4 19. Qf2 b6 20. Bxd4 cxd4
21. Qf3 Kb8 22. b5 Bc5 23. a4 Qd5 24. Qg3 Rd7 25. a5 Rdf7 26. f5+ e5 27. axb6
Bxb6 28. Nxb6 axb6 29. Qe1 Rc8 30. Rf2 Ra7 31. Qb4 Rc5 32. Qb3 Qxb3 33. Rxb3
Ra5 34. h3 Raxb5 35. Rxb5 Rxb5 36. g4 Rc5 37. h4 h6 38. Rg2 Rc7 39. Kf1 Kb7 40.
Ke1 b5 41. Kd2 Kb6 42. Rg1 Ra7 43. Rb1 Kc5 44. Rb2 Ra1 45. c3 dxc3+ 46. Kxc3
b4+ 47. Rxb4 Ra3+ 48. Rb3 Rxb3+ 49. Kxb3 Kd4 50. Kc2 e4 51. dxe4 Kxe4 52. Kc3
Kf4 53. Kd4 Kxg4 54. Ke4 h5 55. Kd5 Kxf5 56. Kd4 Kf4 57. Kd3 f5 58. Kd4 Kf3 59.
Ke5 f4 60. Kf5 g6+ 61. Kxg6 Kg4 62. Kf6 f3 63. Ke5 f2 64. Ke4 f1=Q 0-1

[Event "Faxe Dags EMT 2015"]
[Site "Faxe"]
[Date "2015.04.15"]
[Round "2"]
[White "Hansen, Aage"]
[Black "Pedersen, Hans Dahl"]
[Result "0-1"]
[WhiteElo "1686"]
[BlackElo "2117"]
[PlyCount "58"]
[EventDate "2015.??.??"]

1. e4 c5 2. Nf3 e6 3. d4 cxd4 4. Nxd4 a6 5. c4 Nf6 6. Nc3 Qc7 7. Be3 Bb4 8. Bd3
b6 9. Rc1 Bb7 10. f3 Nc6 11. O-O Bc5 12. Bb1 O-O 13. Bf2 Rab8 14. a3 Nxd4 15.
Bxd4 Rfc8 16. Ne2 a5 17. Kh1 Bxd4 18. Nxd4 Ba6 19. b3 Qc5 20. a4 Qh5 21. Ne2 d5
22. exd5 exd5 23. cxd5 Rxc1 24. Nxc1 Bxf1 25. Qxf1 Qxd5 26. g4 Rd8 27. Kg1 Qc5+
28. Kg2 Rd2+ 29. Ne2 Qe3 0-1

[Event "Faxe Dags EMT 2015"]
[Site "Faxe"]
[Date "2015.04.15"]
[Round "2"]
[White "Nielsen, Jan Mose"]
[Black "Refsgaard, Kaj"]
[Result "1-0"]
[WhiteElo "2065"]
[BlackElo "1754"]
[PlyCount "41"]
[EventDate "2015.??.??"]

1. e4 c5 2. d4 cxd4 3. c3 d3 4. Bxd3 Nc6 5. Nf3 g6 6. c4 Bg7 7. Nc3 d6 8. h3 a6
9. O-O Nf6 10. Qe2 O-O 11. Rd1 Qc7 12. Be3 Nb4 13. Rac1 Nxd3 14. Rxd3 Be6 15.
Nd5 Qd8 16. Nxf6+ exf6 17. Qd2 Qe7 18. b3 Rfd8 19. Bf4 Bf8 20. Rd1 Bd7 21. Bxd6
1-0

[Event "Faxe Dags EMT 2015"]
[Site "Faxe"]
[Date "2015.04.15"]
[Round "2"]
[White "Sorensen, Lindved"]
[Black "Arnkilde, Anders"]
[Result "0-1"]
[WhiteElo "1623"]
[BlackElo "1996"]
[PlyCount "68"]
[EventDate "2015.??.??"]

1. Nf3 Nf6 2. g3 Nc6 3. c4 e5 4. d3 d5 5. b3 Bb4+ 6. Bd2 e4 7. Nh4 exd3 8. exd3
O-O 9. Bxb4 Nxb4 10. Qd2 Re8+ 11. Be2 dxc4 12. O-O cxd3 13. Rd1 dxe2 14. Qxe2
Rxe2 15. Rxd8+ Re8 16. Rxe8+ Nxe8 17. Na3 Bh3 18. Nb5 Rd8 19. a3 Nc2 20. Rc1 a6
21. f4 Nd4 22. Nxd4 Rxd4 23. Nf3 Rd3 24. Ng5 Bd7 25. Ne4 Bc6 26. Nc5 Rd2 27.
Nxa6 Rg2+ 28. Kf1 Rxh2 29. Rc5 Nf6 30. Nb4 Ne4 31. Ra5 Nxg3+ 32. Ke1 Re2+ 33.
Kd1 Bf3 34. Kc1 h5 0-1

[Event "Faxe Dags EMT 2015"]
[Site "Faxe"]
[Date "2015.04.15"]
[Round "2"]
[White "Andersen, Bjarne Hjorth"]
[Black "Nielsen, Flemming"]
[Result "1-0"]
[WhiteElo "1971"]
[BlackElo "1650"]
[PlyCount "53"]
[EventDate "2015.??.??"]

1. e4 e5 2. Nf3 Nc6 3. d4 exd4 4. Nxd4 Nxd4 5. Qxd4 d6 6. Bc4 c5 7. Qd3 Be6 8.
Bb5+ Bd7 9. Nc3 a6 10. Bxd7+ Qxd7 11. Nd5 Qc6 12. O-O h6 13. Bf4 g5 14. Qc3 Rh7
15. Bd2 Bg7 16. Qa5 Rc8 17. Rad1 f5 18. Nb6 fxe4 19. Nxc8 Qxc8 20. Qa4+ Kf8 21.
Qxe4 Nf6 22. Qd3 d5 23. Rfe1 c4 24. Bb4+ Kg8 25. Qg6 Qc6 26. Rxd5 Qc8 27. Rde5
1-0

[Event "Faxe Dags EMT 2015"]
[Site "Faxe"]
[Date "2015.04.23"]
[Round "2"]
[White "Stuhr, Peter Sebastian"]
[Black "Mathiasen, Gunnar"]
[Result "1-0"]
[WhiteElo "1884"]
[BlackElo "1340"]
[PlyCount "35"]
[EventDate "2015.??.??"]

1. e4 e5 2. Nc3 Nf6 3. Bc4 Nc6 4. d3 Be7 5. f4 d6 6. Nf3 Bg4 7. h3 Bxf3 8. Qxf3
Nd4 9. Qd1 exf4 10. Bxf4 Ne6 11. Be3 c6 12. Qf3 Qa5 13. O-O O-O 14. a3 Nd7 15.
b4 Qc7 16. Rae1 Ne5 17. Qg3 Bf6 18. Rxf6 1-0

[Event "Faxe Dags EMT 2015"]
[Site "Faxe"]
[Date "2015.04.15"]
[Round "2"]
[White "Christoffersen, Per"]
[Black "Lindskov, Villy"]
[Result "0-1"]
[WhiteElo "1609"]
[BlackElo "1839"]
[PlyCount "68"]
[EventDate "2015.??.??"]

1. d4 Nf6 2. Nf3 d5 3. e3 e6 4. Bd3 Nbd7 5. Nbd2 c6 6. O-O Bd6 7. e4 dxe4 8.
Nxe4 Nxe4 9. Bxe4 O-O 10. Bxh7+ Kxh7 11. Ng5+ Kg8 12. Qh5 Nf6 13. Qh4 e5 14.
Be3 Bf5 15. dxe5 Bxe5 16. Bc5 Re8 17. Rfd1 Qc7 18. Rd2 b6 19. Be3 Rad8 20. Re2
Bxb2 21. Rb1 Be5 22. h3 Nh7 23. Nxh7 Bxh7 24. Rbe1 Bf6 25. Qc4 Qc8 26. Qa4 Re7
27. Qc4 c5 28. a4 Re4 29. Qa2 Bd4 30. Bg5 Rxe2 31. Rxe2 Re8 32. Qc4 Rxe2 33.
Qxe2 Qd7 34. Qf3 Bxc2 0-1

[Event "Faxe Dags EMT 2015"]
[Site "Faxe"]
[Date "2015.04.15"]
[Round "2"]
[White "Larsen, Paul M"]
[Black "Petersen, Bent"]
[Result "0-1"]
[WhiteElo "1165"]
[BlackElo "1784"]
[PlyCount "128"]
[EventDate "2015.??.??"]

1. e4 c5 2. f4 Nc6 3. Nf3 e6 4. Be2 b6 5. d4 cxd4 6. Nxd4 Bb7 7. Bf3 Bc5 8. Be3
Rc8 9. c3 a5 10. O-O Nge7 11. Kh1 d5 12. Nxc6 Bxc6 13. Bxc5 bxc5 14. exd5 Nxd5
15. Bxd5 Bxd5 16. c4 Bc6 17. Nc3 O-O 18. Qxd8 Rfxd8 19. Rad1 Kf8 20. Rfe1 Ke7
21. f5 Rxd1 22. Rxd1 Rb8 23. b3 a4 24. Rb1 Rd8 25. Rd1 Rxd1+ 26. Nxd1 axb3 27.
axb3 exf5 28. Kg1 Be4 29. g3 Bc2 30. Ne3 Bxb3 31. Nxf5+ Kd7 32. Ne3 Ke6 33. Kf2
Ke5 34. Ke2 Ke4 35. Kd2 g6 36. Nd5 Bxc4 37. Nf6+ Kf3 38. Nxh7 Kg2 39. Nf6 Be6
40. h4 Kf3 41. Kc3 Kxg3 42. h5 gxh5 43. Nxh5+ Kf3 44. Nf6 Ke3 45. Nh5 c4 46.
Nf6 Kf4 47. Nh5+ Kg5 48. Ng3 f5 49. Ne2 Bf7 50. Kd4 Kg4 51. Ke3 Bg8 52. Nf4 c3
53. Ne2 c2 54. Kd2 Bb3 55. Kc3 Ba4 56. Kb4 Kf3 57. Nc1 Bc6 58. Kc3 Be4 59. Kd2
Kf2 60. Ne2 Kf3 61. Nd4+ Kg4 62. Ne2 f4 63. Nxf4 Kxf4 64. Kc1 Ke3 0-1

[Event "Faxe Dags EMT 2015"]
[Site "Faxe"]
[Date "2015.04.15"]
[Round "2"]
[White "Krogh, Peter Ove"]
[Black "Zachariassen, John"]
[Result "1-0"]
[WhiteElo "1802"]
[BlackElo "1954"]
[PlyCount "103"]
[EventDate "2015.??.??"]

1. c4 e5 2. Nc3 Nc6 3. g3 Nf6 4. Bg2 Be7 5. Nf3 d6 6. O-O O-O 7. d4 Bd7 8. d5
Na5 9. Qd3 b6 10. b4 Nb7 11. Bb2 Ne8 12. e4 Qc8 13. Ne1 Bh3 14. Rd1 Bxg2 15.
Nxg2 Qd7 16. Bc1 a5 17. a3 axb4 18. axb4 Nf6 19. f3 Rfc8 20. Be3 Ra3 21. Ra1
Rca8 22. Rxa3 Rxa3 23. Qc2 Ne8 24. Qb2 Ra8 25. g4 g6 26. Ra1 Qc8 27. Ne1 Rb8
28. Nd3 Ng7 29. Nb5 Nd8 30. Ra7 c6 31. dxc6 Nxc6 32. Rc7 Qe8 33. Na7 Nxa7 34.
Rxa7 Ne6 35. Qa1 Bg5 36. Bf2 Qc6 37. Qc3 b5 38. c5 Rc8 39. h4 Bf4 40. Qa3 dxc5
41. bxc5 Bd2 42. Nxe5 Qe8 43. Nxf7 b4 44. Qd3 Bf4 45. Nd6 Bxd6 46. Qxd6 b3 47.
Re7 Qc6 48. Qxe6+ Qxe6 49. Rxe6 Rb8 50. Bd4 b2 51. Bxb2 Rxb2 52. g5 1-0

[Event "Faxe Dags EMT 2015"]
[Site "Faxe"]
[Date "2015.04.15"]
[Round "2"]
[White "Hansen, Borge"]
[Black "Wehlast, Svend Erik"]
[Result "0-1"]
[WhiteElo "1430"]
[BlackElo "1388"]
[PlyCount "184"]
[EventDate "2015.??.??"]

1. d4 d5 2. c4 e6 3. Bf4 Bd6 4. Bxd6 cxd6 5. e3 Nf6 6. Nc3 dxc4 7. Bxc4 d5 8.
Bd3 O-O 9. Nge2 a6 10. O-O b5 11. b4 Nbd7 12. a3 Bb7 13. f4 Nb6 14. Nc1 Nc4 15.
Qe2 g6 16. Nb3 Kg7 17. Nc5 Qc7 18. h3 Nd6 19. Rfc1 Qe7 20. a4 bxa4 21. Rxa4
Nfe4 22. N3xe4 dxe4 23. Nxb7 exd3 24. Qxd3 Qxb7 25. Rca1 Nb5 26. Qd2 Rfc8 27.
Qb2 Kg8 28. Qd2 Nc3 29. Ra5 Qxb4 30. Rxa6 Rxa6 31. Rxa6 Qb3 32. Kh2 Qc4 33. Ra5
Ne4 34. Qb2 Qc3 35. Qb7 Qxa5 36. Qxc8+ Kg7 37. Qb8 Qd5 38. Qc7 Nf6 39. Qc1 h6
40. Qe1 Qe4 41. Kg3 Nd5 42. Kf2 Qc2+ 43. Kf3 Nc3 44. Kg3 Qd3 45. Kf2 Nd5 46.
Kf3 Qc3 47. Qf2 Nb4 48. Qe2 Nc2 49. Kf2 Nb4 50. Kf3 Qc6+ 51. Kg3 Qe4 52. Qd2
Nd5 53. Kf2 Qf5 54. Kf3 Nf6 55. Qb2 Qh5+ 56. Kf2 Ne4+ 57. Kg1 Qd5 58. Qe2 h5
59. Qd3 h4 60. Qc2 Ng3 61. Kf2 Qb5 62. Qd1 Qh5 63. Qc2 Qf5 64. Qb2 Kh7 65. Qb7
g5 66. Kg1 gxf4 67. exf4 Qxf4 68. Qb1+ Qe4 69. Qd1 f5 70. Qa1 Ne2+ 71. Kh2 Qxd4
72. Qe1 Qe4 73. Qd1 Qe5+ 74. Kh1 Ng3+ 75. Kh2 Kg6 76. Qd8 Nh5+ 77. Kg1 Qf6 78.
Qg8+ Ng7 79. Qc8 e5 80. Qd7 e4 81. Qd1 Qb6+ 82. Kh2 e3 83. Qf3 Qe6 84. Qe2 Nh5
85. g4 Qe5+ 86. Kg1 Qg3+ 87. Qg2 Qxg2+ 88. Kxg2 Nf4+ 89. Kf3 e2 90. gxf5+ Kxf5
91. Kf2 Ke4 92. Ke1 Kf3 0-1

[Event "Faxe Dags EMT 2015"]
[Site "Faxe"]
[Date "2015.04.15"]
[Round "2"]
[White "Stuhr, Finn"]
[Black "Larsen, Poul Erik"]
[Result "1-0"]
[WhiteElo "1765"]
[BlackElo "1251"]
[PlyCount "51"]
[EventDate "2015.??.??"]

1. e4 c5 2. Nf3 Nc6 3. Bc4 e6 4. Nc3 Be7 5. Qe2 b6 6. d3 d6 7. O-O h6 8. Bf4
Bb7 9. a3 a6 10. Ba2 b5 11. Nd1 Rc8 12. c3 a5 13. Ne3 Nf6 14. Rfd1 Nh5 15. Bg3
Nxg3 16. fxg3 O-O 17. Bb1 Bf6 18. Ng4 Be7 19. d4 c4 20. e5 d5 21. Qc2 f5 22.
exf6 Bxf6 23. Qh7+ Kf7 24. Nxf6 Rh8 25. Qg6+ Kf8 26. Ne5 1-0